000 00715nam a22002531 4500
001 16987
003 BD-RjUL
005 20211209000055.0
008 140216t1966 iaua 001 0 eng
035 _a(BD-RjUL)17044
040 _aDLC
_cDLC
_dBD-RjUL
_dDLC
_beng
041 _aeng
082 0 0 _a796.355
_bDEF 1966
100 1 _aDelano, Anne Lee.
_952419
245 0 0 _aField hockey /
_cIllustrated by Jean Putnam.
260 _aDubuque, Iowa :
_bW. C. Brown,
_cc1966.
300 _avii, 68 p. :
_billus. ;
_c23 cm.
490 0 _aBrown physical education activities series
504 _aincludes index.
650 0 _aField hockey.
_950552
942 _2ddc
_cBK
999 _c16987
_d16987